| 000 -LEADER |
| fixed length control field |
00831nam a22001577a 4500 |
| 003 - CONTROL NUMBER IDENTIFIER |
| control field |
OSt |
| 005 - DATE AND TIME OF LATEST TRANSACTION |
| control field |
20200608092929.0 |
| 008 - FIXED-LENGTH DATA ELEMENTS--GENERAL INFORMATION |
| fixed length control field |
150922b xxu||||| |||| 00| 0 eng d |
| 040 ## - CATALOGING SOURCE |
| Transcribing agency |
RUA |
| 082 ## - DEWEY DECIMAL CLASSIFICATION NUMBER |
| Classification number |
AGR HOR 2010 B045 Or.1 |
| Edition number |
https://drive.google.com/file/d/1MvaiUXeWP4Xl6egeVFNaR2BxW2bjc4OQ/view?usp=sharing |
| 100 ## - MAIN ENTRY--PERSONAL NAME |
| 9 (RLIN) |
1084 |
| Personal name |
HORN, LINAN. |
| 245 ## - TITLE STATEMENT |
| Title |
sclerotium rolfsii disease managerment using solarization on mungbean in greenhouse condition (វិធានការការពារផ្សិត ក្លែរ៉ូទីញ៉ូម រ៉ូស្សុីដោយប្រើពន្លឺថ្ងៃ លើដំណាំសណ្តែកបាយ ក្នុងលក្ខខណ្ឌផ្ទះកញ្ចក់) |
| 260 ## - PUBLICATION, DISTRIBUTION, ETC. (IMPRINT) |
| Place of publication, distribution, etc. |
Phnom Penh |
| Name of publisher, distributor, etc. |
RUA |
| Date of publication, distribution, etc. |
2010 |
| 300 ## - PHYSICAL DESCRIPTION |
| Extent |
x, 43p. |
| Other physical details |
ill. |
| Dimensions |
29cm. |
| 942 ## - ADDED ENTRY ELEMENTS (KOHA) |
| Source of classification or shelving scheme |
|
| Koha item type |
AGR |